Villes les plus peuplées d'Union Soviétique (URSS) sur une carte - Statistiques

Statistiques générales
  • Ce quiz a été pris 4 374 fois
  • Le résultat moyen est 12 sur 25
Réponses sur la Carte
Les réponses sont colorées sur une échelle allant du rouge au vert en fonction du pourcentage des utilisateurs qui les ont devinées à leur premier essai. Vous pouvez retrouver ces pourcentages ci-dessous.
 
Statistiques - réponses
Population Ville % Correct
8 967 000 Moscou
99%
5 024 000 Leningrad (St.-Pétersbourg)
96%
2 587 945 Kiev
89%
1 607 100 Minsk
79%
915 106 Riga
74%
1 259 692 Tbilissi
67%
1 795 000 Bakou
66%
1 201 500 Erevan
62%
1 115 371 Odessa
60%
1 109 102 Donetsk
49%
1 609 959 Kharkiv
47%
2 072 459 Tachkent
44%
999 000 Volgograd
42%
1 094 000 Kazan
36%
1 019 000 Rostov-sur-le-Don
35%
1 438 000 Gorky (Nijni Novgorod)
34%
1 365 000 Sverdlovsk (Iekaterinbourg)
34%
1 127 884 Alma-Ata (Almaty)
33%
1 177 897 Dnipropetrovsk (Dnipro)
26%
1 437 000 Novossibirsk
25%
1 149 000 Omsk
25%
1 254 000 Kouïbychev (Samara)
17%
1 082 000 Oufa
16%
1 091 000 Perm
15%
1 107 000 Tcheliabinsk
13%
Aucun quiz correspondant
Distribution des résultats
% des personnes avec chaque résultat
Percentile par nombre de réponses
Votre historique - résultats
Vous n’avez pas pris ce quiz